MARC details
| 000 -CABECERA |
| campo de control de longitud fija |
00802nam a2200205 a 4500 |
| 001 - NÚMERO DE CONTROL |
| campo de control |
000038319 |
| 005 - FECHA Y HORA DE LA ÚLTIMA TRANSACCIÓN |
| campo de control |
20201002031228.0 |
| 008 - DATOS DE LONGITUD FIJA--INFORMACIÓN GENERAL |
| campo de control de longitud fija |
110412s1994 dr c 000 0 spa d |
| 040 ## - FUENTE DE LA CATALOGACIÓN |
| Centro catalogador/agencia de origen |
DO-SdBNP |
| Lengua de catalogación |
spa |
| Centro/agencia transcriptor |
BNPHU |
| 082 ## - NÚMERO DE LA CLASIFICACIÓN DECIMAL DEWEY |
| Número de clasificación |
xxx |
| Número de documento/Ítem |
C744p |
| 111 1# - ENTRADA PRINCIPAL--NOMBRE DE CONGRESO/REUNIÓN |
| Nombre de congreso/reunión o jurisdicción como elemento de entrada |
Consurso literario 103 aniversario AMD |
| Fecha del congreso/reunión |
1994 sep. 28 : |
| Sede del congreso/Lugar de la reunión |
Santo Domingo) |
| 9 (RLIN) |
64681 |
| 245 10 - MENCIÓN DE TÍTULO |
| Título |
Consurso literario 103 aniversario AMD. / |
| Mención de responsabilidad, etc. |
editores Santiago Casrto Ventura, Fernando Fernández. |
| 246 14 - FORMA VARIANTE DE TÍTULO |
| Título propio/Titulo breve |
El médico en la literatura |
| Resto del título |
(Consurso literario 103 aniversario AMD.) |
| 260 ## - PUBLICACIÓN, DISTRIBUCIÓN, ETC. |
| Lugar de publicación, distribución, etc. |
Santo Domingo : |
| Nombre del editor, distribuidor, etc. |
Asociación Médica Dominicana, |
| Fecha de publicación, distribución, etc. |
1994. |
| 300 ## - DESCRIPCIÓN FÍSICA |
| Extensión |
40 p. : |
| Otras características físicas |
retr. ; |
| Dimensiones |
22 cm. |
| 490 1# - MENCIÓN DE SERIE |
| Mención de serie |
AMD-centenaria |
| Designación de volumen o secuencia |
6 |
| 700 1# - PUNTO DE ACCESO ADICIONAL--NOMBRE DE PERSONA |
| Nombre de persona |
Casrto Ventura, Santiago |
| Término indicativo de función/relación |
ed. |
| 9 (RLIN) |
64682 |
| 700 1# - PUNTO DE ACCESO ADICIONAL--NOMBRE DE PERSONA |
| Nombre de persona |
Fernández, Fernando |
| 9 (RLIN) |
1840 |
| 830 #0 - PUNTO DE ACCESO ADICIONAL DE SERIE-TÍTULO UNIFORME |
| Título uniforme |
AMD-centenaria |
| Número de parte o sección de la obra |
6 |
| 9 (RLIN) |
64683 |